Altre voci, altre stanze /

Uloženo v:
Podrobná bibliografie
Hlavní autor: Capote, Truman (Autor)
Další autoři: Tasso, Bruno
Médium: Kniha
Jazyk:italština
Vydáno: Milano : Garzanti, 1997
Edice:Gli elefanti
Tagy: Přidat tag
Žádné tagy, Buďte první, kdo vytvoří štítek k tomuto záznamu!

MARC

LEADER 00000nam a2200000 i 4500
001 IT\ICCU\TO0\0590764
003 ItRI
005 20241012093811.0
008 971204s1997 it |||||| ||||| |||||c
015 |2 IT  |a 98-12005 
020 |a 881166828X 
040 |b ita  |c CT 
041 7 |a ita  |2 ISO-639-2 
082 |a 813.54  |2 20 
100 1 |a Capote, Truman  |0 IT\ICCU\CFIV\022708  |4 aut 
240 1 0 |a Other voices, other rooms  |9 Capote, Truman 
245 1 0 |a Altre voci, altre stanze /  |c Truman Capote. 
260 |a Milano :  |b Garzanti,  |c 1997 
300 |a 166 p. ;  |c 19 cm 
500 |a Trad. di Bruno Tasso. 
700 1 |a Tasso, Bruno  |0 IT\ICCU\CFIV\023883 
830 4 |a Gli elefanti  |0 IT\ICCU\CFI\0015745 
942 |2 ddc  |c BK 
952 |0 0  |1 0  |2 ddc  |4 0  |6 813_540000000000000_CAP_ALT  |7 1  |9 2104  |a GE  |b GE  |d 2024-10-12  |l 0  |o 813.54 CAP ALT  |p 1290  |r 2024-10-12 09:41:51  |w 2024-10-12  |x Donazione di Alvaro Bazzano  |y BK  |z Donazione AB 
981 1 |6 z01  |a i   |b xxxe  
982 1 |6 z01  |a n 
999 |c 1845  |d 1845